A study of the seed and seed germination of Spathoglottis plicata : a Malesian orchid /
محفوظ في:
| المؤلف الرئيسي: | |
|---|---|
| التنسيق: | أطروحة كتاب |
| اللغة: | English |
| منشور في: |
1972.
|
| الموضوعات: | |
| الوسوم: |
إضافة وسم
لا توجد وسوم, كن أول من يضع وسما على هذه التسجيلة!
|
| LEADER | 00935cam a2200253 a 4500 | ||
|---|---|---|---|
| 001 | u140136 | ||
| 003 | SIRSI | ||
| 008 | 920208s1972 my a bt 00 1 eng m | ||
| 035 | |a AAQ-1922 | ||
| 040 | |a UMM | ||
| 090 | |a QK495 |b O64Bee | ||
| 091 | |a Microfiche 436 | ||
| 100 | 1 | 0 | |a Beechey, Christine Nora. |
| 245 | 1 | 2 | |a A study of the seed and seed germination of Spathoglottis plicata : |b a Malesian orchid / |c by Christine Nora Beechey @ Zaliha Christine Alang. |
| 260 | |c 1972. | ||
| 300 | |a ii, 46 leaves : |b ill. (part col.). ; |c 29 cm. | ||
| 500 | |a Mimeographed. | ||
| 500 | |a Microfiche. Kuala Lumpur, University of Malaya Library, 1973. 2 fiche : negative ; 11 x 15 cm. | ||
| 502 | |a Dissertation (M.Sc.) -- Fakulti Sains, Universiti Malaya, 1972. | ||
| 650 | 0 | |a Spathoglottis plicata. | |
| 650 | 0 | |a Seeds. | |
| 948 | |a 08/02/1992 |b 12/06/2002 | ||
| 596 | |a 1 | ||
| 999 | |a QK495 O64BEE |w LC |c 1 |i A003140176 |l STACKS |m P01UTAMA |r Y |s Y |t TESIS |u 10/3/1992 | ||
